Estatísticas para Medalhas da Olimpíada de 2020 Tokyo

Clique aqui para jogar o quiz

Estatísticas Gerais

  • Esse quiz foi jogado 129 vezes
  • A pontuação média é 54 de 93

Estatísticas das Respostas

PosiçãoOuroPrataBronzeTotalPaís% Correto
1276821Brasil
99%
327141758Japão
99%
238321888República Popular da China
99%
1394133113Estados Unidos da América
96%
520282371ROC (Comitê Olímpico Russo)
96%
720123Argentina
92%
910111637Alemanha
90%
61772246Austrália
89%
2238617Espanha
89%
11761124Canadá
88%
810121133França
88%
561124Portugal
86%
16641020República da Coreia
85%
422212265Grã-Bretanha
84%
1010102040Itália
84%
710121436Holanda
82%
840044México
82%
1376720Nova Zelândia
82%
521203África do Sul
81%
660415Colômbia
80%
233609Suécia
78%
541146Egito
77%
214149Jamaica
76%
1473515Cuba
73%
362114Grécia
73%
481247Índia
73%
2434613Suíça
73%
293137Bélgica
72%
204228Noruega
72%
1944210Quênia
71%
3522913Turquia
70%
850022Finlândia
69%
1745514Polônia
69%
1567720Hungria
68%
44161219Ucrânia
68%
2534411Dinamarca
67%
631001Marrocos
66%
273227República Islâmica do Irã
66%
531157Áustria
65%
263328Croácia
65%
740112Nigéria
63%
830088Cazaquistão
62%
382103Equador
62%
283159Sérvia
62%
591012Estônia
61%
392024Irlanda
61%
770101Arábia Saudita
60%
551135Indonésia
59%
591012Letônia
59%
1844311República Checa
59%
303126Bulgária
58%
501214Eslováquia
58%
313115Eslovênia
57%
461304Venezuela
57%
392024Israel
56%
770101Lituânia
55%
581102Tunísia
54%
561124Etiópia
52%
501214Filipinas
52%
461304Romênia
52%
591012Tailândia
52%
412013Catar
51%
670347Azerbaijão
46%
422002Kosovo
46%
770101Macedônia do Norte
45%
323025Uzbequistão
45%
710134Mongólia
44%
3424612Taipei Chinês (Taiwan)
43%
591012Fiji
42%
332518Geórgia
41%
422002Bahamas
40%
451337Bielo-Rússia
40%
860011Gana
38%
680325República Dominicana
38%
740112Malásia
37%
860011República Árabe da Síria
37%
860011República da Moldávia
35%
860011Costa do Marfim
34%
690224Armênia
33%
770101Turcomenistão
33%
700213Quirguistão
32%
740112Jordânia
29%
720123San Marino
28%
362114Uganda
28%
770101Bahrain
22%
860011Kuwait
22%
631001Bermudas
20%
631001Porto Rico
20%
770101Namíbia
17%
860011Botswana
16%
491236Hong Kong
16%
860011Burkina Faso
13%
860011Granada
13%

Distribuição das Pontuações

Percentil de Números Respondidos

Porcentagem de Pessoas com Cada Pontuação

Sua Pontuação Histórica

Você não jogou esse quiz